000 00734nam a2200265Ia 4500
003 OSt
005 20220926033929.0
006 a|||||r|||| 00| 0
007 ta
008 220923b |||||||| |||| 00| 0 eng d
037 _cGeneral Book
040 _aRTL
_cRTL
_beng
041 _2eng
_aeng
082 _aJ:1, M2
100 _aSopher Charles D
_9339766
245 0 _aSoil and soil management
250 _a2nd
260 _aVirginia
_bReston
_c1982
300 _aviii, 312p.
_ccm.
500 _aBibliography Chapterwise; Glossary p.267-305
650 _aAgriculture
_927
700 _a Baird Jack V
_9339767
942 _hJ:1, M2
_cGB
_2CC
999 _c658334
_d658334